000 01061nam a22002417a 4500
005 20240530110515.0
008 160117s2013 ua a g b 000 0 ara d
017 _a2012/2729
_bمصر . دار الكتب المصرية
020 _a9789774383710
040 _aEG-CaGPL
082 0 4 _221
_a361.7\
_bم أ
100 0 _aماهر ابوالمعاطى على .
245 1 2 _aالاتجاهات الحديثة فى تسويق الخدمات الاجتماعية و تكنولوجيا المعلومات :
_bاسس نظرية . نماذج تطبيقية . دراسات ميدانية
250 _aط1.
260 _aالاسكندرية :
_bالمكتب الجامعى الحديث ،
_c2013 .
300 _a464 ص ؛
_c24 سم .
504 _aيشتمل على ارجاعات ببليوجرافية
650 0 4 _aالخدمة الاجتماعية .
650 0 4 _aالتسويق
_xخدمات المعلومات .
650 0 4 _aالتسويق
_xالجوانب الاجتماعية .
942 _2ddc
_cBK
999 _c61765
_d61765